Principles Of Agricultural Engineering Volume I (Record no. 5739)

MARC details
000 -LEADER
fixed length control field 00439nam a22001697a 4500
005 - DATE AND TIME OF LATEST TRANSACTION
control field 20210909110844.0
008 - FIXED-LENGTH DATA ELEMENTS--GENERAL INFORMATION
fixed length control field 181006b xxu||||| |||| 00| 0 eng d
020 ## - INTERNATIONAL STANDARD BOOK NUMBER
ISBN 978-81-8360-212-9
041 ## - LANGUAGE CODE
Language code of text/sound track or separate title eng
100 ## - MAIN ENTRY--AUTHOR NAME
Personal name Ojha,T.P,Michal,A.M
245 ## - TITLE STATEMENT
Title Principles Of Agricultural Engineering Volume I
250 ## - EDITION STATEMENT
Edition statement 11th
260 ## - PUBLICATION, DISTRIBUTION, ETC. (IMPRINT)
Place of publication New Delhi
Name of publisher Jain Brothers
Year of publication 2018
300 ## - PHYSICAL DESCRIPTION
Number of Pages 1008
650 ## - SUBJECT ADDED ENTRY--TOPICAL TERM
Topical Term Agricultural
942 ## - ADDED ENTRY ELEMENTS (KOHA)
Koha item type Books
Holdings
Lost status Damaged status Collection code Home library Current library Shelving location Date acquired Source of acquisition Cost, normal purchase price Accession Number Koha item type
    Reference JRU Library JRU Library SHELF-43-E 06/10/2018 Purchase 725.00 22404 Books
    AGRICULTURE JRU Library JRU Library SHELF-43-E 06/10/2018 Purchase 725.00 22405 Books
    AGRICULTURE JRU Library JRU Library SHELF-43-E 06/10/2018 Purchase 725.00 22406 Books
    AGRICULTURE JRU Library JRU Library SHELF-43-E 06/10/2018 Purchase 725.00 22407 Books
    AGRICULTURE JRU Library JRU Library SHELF-43-E 06/10/2018 Purchase 725.00 22408 Books
    AGRICULTURE JRU Library JRU Library SHELF-43-E 06/10/2018 Purchase 725.00 22409 Books